Mozart ve deyyuslar / (Record no. 200130279)

MARC details
000 -LEADER
fixed length control field 01374 a2200385 4500
001 - CONTROL NUMBER
control field 200130279
003 - CONTROL NUMBER IDENTIFIER
control field TR-AnTOB
005 - DATE AND TIME OF LATEST TRANSACTION
control field 20241118154523.0
008 - FIXED-LENGTH DATA ELEMENTS--GENERAL INFORMATION
fixed length control field 130819s tu 000 0
020 ## - INTERNATIONAL STANDARD BOOK NUMBER
International Standard Book Number 9786053608097
040 ## - CATALOGING SOURCE
Original cataloging agency TR-AnTOB
Transcribing agency TR-AnTOB
041 ## - LANGUAGE CODE
Language code of text/sound track or separate title Türkçe
050 ## - LIBRARY OF CONGRESS CALL NUMBER
Classification number PR6052.U638.
Item number M6919 2003
090 ## - LOCALLY ASSIGNED LC-TYPE CALL NUMBER (OCLC); LOCAL CALL NUMBER (RLIN)
Classification number (OCLC) (R) ; Classification number, CALL (RLIN) (NR) PR6052.U638.M6919 2003
100 1# - MAIN ENTRY--PERSONAL NAME
Personal name Burgess, Anthony,
Dates associated with a name 1917-1993
9 (RLIN) 92349
245 10 - TITLE STATEMENT
Title Mozart ve deyyuslar /
Statement of responsibility, etc. Anthony Burgess ; çeviren, Aslı Biçen.
264 #1 - PRODUCTION, PUBLICATION, DISTRIBUTION, MANUFACTURE, AND COPYRIGHT NOTICE
Place of production, publication, distribution, manufacture İstanbul :
Name of producer, publisher, distributor, manufacturer Türkiye İş Bankası Kültür Yayınları,
Date of production, publication, distribution, manufacture, or copyright notice 2003.
300 ## - PHYSICAL DESCRIPTION
Extent 287 p. :
Other physical details ill. ;
Dimensions 20 cm.
336 ## - CONTENT TYPE
Source rdacontent
Content type term text
Content type code txt
337 ## - MEDIA TYPE
Source rdamedia
Media type term unmediated
Media type code n
338 ## - CARRIER TYPE
Source rdacarrier
Carrier type term volume
Carrier type code nc
490 0# - SERIES STATEMENT
Series statement Türkiye İş Bankası Kültür Yayınları ;
Volume/sequential designation 761
Series statement Tiyatro dizisi ;
Volume/sequential designation 9
500 ## - GENERAL NOTE
General note Translation of: Mozart & the wolf gang.
600 10 - SUBJECT ADDED ENTRY--PERSONAL NAME
Personal name Mozart, Wolfgang Amadeus,
Dates associated with a name 1756-1791
Form subdivision Drama
9 (RLIN) 94823
650 0# - SUBJECT ADDED ENTRY--TOPICAL TERM
Topical term or geographic name entry element English drama
General subdivision History and criticism
9 (RLIN) 48208
9 (RLIN) 84833
Topical term or geographic name entry element İngiliz
Form subdivision Roman.
Topical term or geographic name entry element English literature
9 (RLIN) 87913
Topical term or geographic name entry element İngiliz draması
Chronological subdivision Erken modern ve Elizabeth dönemi, 1500-1600
Source of heading or term etuturkob
9 (RLIN) 42485
Topical term or geographic name entry element Imaginary conversations
9 (RLIN) 92354
Topical term or geographic name entry element Düşsel sohbetler
9 (RLIN) 92353
700 1# - ADDED ENTRY--PERSONAL NAME
Personal name Biçen, Aslı,
Dates associated with a name 1970-
9 (RLIN) 92351
730 02 - ADDED ENTRY--UNIFORM TITLE
Uniform title Mozart & the wolf gang.
Language of a work Turkish.
942 ## - ADDED ENTRY ELEMENTS (KOHA)
Koha item type Book
Source of classification or shelving scheme Library of Congress Classification
Holdings
Withdrawn status Lost status Source of classification or shelving scheme Not for loan Collection code Home library Current library Shelving location Date acquired Source of acquisition Cost, normal purchase price Inventory number Total Checkouts Total Holds Full call number Barcode Date last seen Date last checked out Copy number Cost, replacement price Date shelved Koha item type
    Library of Congress Classification Ödünç Verilebilir / Available Genel Koleksiyon Merkez Kütüphane Merkez Kütüphane Genel Koleksiyon / Main Collection 19/08/2013 Satın Alma / Purchase 0.00 İDE 2   PR6052.U638 M6919 2003 0042717 05/12/2022 17/10/2022 1 11.00 30/07/2013 Book
Devinim Yazılım Eğitim Danışmanlık tarafından Koha'nın orjinal sürümü uyarlanarak geliştirilip kurulmuştur.